[Event "Marseille op 5th"]
[Site "Marseille"]
[Date "2012.12.26"]
[Round "2"]
[White "Loiseau, Quentin"]
[Black "Aksenov, Nikolay"]
[Result "1-0"]
[WhiteElo "2370"]
[BlackElo "1914"]
[PlyCount "37"]
[EventDate "2012.12.26"]
[EventType "swiss"]
[EventRounds "9"]
[EventCountry "FRA"]
[SourceTitle "EXT 2014"]
[Source "ChessBase"]
[SourceDate "2013.11.20"]
[SourceVersion "1"]
[SourceVersionDate "2013.11.20"]
[SourceQuality "1"]

1. d4 d5 2. c4 e6 3. Nf3 Nf6 4. g3 dxc4 5. Bg2 c5 6. 0-0 Nc6 7. dxc5 Qxd1 8. Rxd1 Bxc5 9. Nbd2 Na5 10. Ne5 0-0 11. Ndxc4 Nxc4 12. Nxc4 Nd7 13. Bf4 f6 14. Bd6 Rf7 15. b4 Bxd6 16. Nxd6 Re7 17. Rac1 Nb6 18. Nxc8 Nxc8 19. Rd8+ 1-0

[Event "Marseille op 4th"]
[Site "Marseille"]
[Date "2011.12.26"]
[Round "1"]
[White "Aksenov, Nikolay"]
[Black "Teychene, Jean Louis"]
[Result "1/2-1/2"]
[WhiteElo "1499"]
[BlackElo "1941"]
[PlyCount "89"]
[EventDate "2011.12.26"]
[EventType "swiss"]
[EventRounds "9"]
[EventCountry "FRA"]
[SourceTitle "CBM 146 Extra"]
[Source "ChessBase"]
[SourceDate "2012.02.29"]
[SourceVersion "1"]
[SourceVersionDate "2012.02.29"]
[SourceQuality "1"]

1. d4 Nf6 2. c4 e6 3. Nf3 b6 4. g3 Bb7 5. Bg2 Bb4+ 6. Bd2 Qe7 7. 0-0 Bxd2 8. Nbxd2 0-0 9. Qc2 d6 10. Rfd1 Nbd7 11. b3 c5 12. e3 cxd4 13. exd4 Rac8 14. Qd3 Rfe8 15. Re1 Qf8 16. a4 d5 17. Ne5 dxc4 18. bxc4 Bxg2 19. Kxg2 Qd6 20. Nxd7 Qxd7 21. a5 Red8 22. Nf3 Qc6 23. Rec1 g6 24. axb6 axb6 25. Kg1 Nd7 26. Qe3 Ra8 27. Rxa8 Rxa8 28. Qf4 Rf8 29. Ng5 h6 30. Ne4 Kg7 31. Nd2 Ra8 32. h4 Ra5 33. g4 g5 34. hxg5 hxg5 35. Qe3 f6 36. Re1 e5 37. d5 Qc5 38. Qe4 Ra2 39. Re2 Qd6 40. Qb1 Qa3 41. Qb5 Qc1+ 42. Kg2 Nf8 43. Nb3 Qd1 44. Rxa2 Qxg4+ 45. Kh2 1/2-1/2